[Event "Mittelrhein Verbandsliga Nord 1920"]
[Site "Mittelrhein"]
[Date "2019.09.29"]
[Round "1.8"]
[White "Leopold, Ruediger"]
[Black "Kies, Werner"]
[Result "1/2-1/2"]
[WhiteElo "1405"]
[BlackElo "1884"]
[PlyCount "58"]
[EventDate "2019.09.29"]
[EventType "team-tourn"]
[EventRounds "9"]
[EventCountry "GER"]
[SourceTitle "EXT 2023"]
[Source "ChessBase"]
[SourceDate "2022.10.05"]
[SourceVersion "1"]
[SourceVersionDate "2022.10.05"]
[SourceQuality "1"]
[WhiteTeam "Brauweiler Rochade"]
[BlackTeam "Bayer Leverkusen"]
[WhiteTeamCountry "GER"]
[BlackTeamCountry "GER"]

1. g3 e5 2. e3 d5 3. Bg2 f5 4. Ne2 Nf6 5. d3 Bc5 6. Nd2 0-0 7. b3 Be6 8. Bb2 Nbd7 9. Nf3 Bd6 10. Ng5 Qe7 11. 0-0 c6 12. a3 h6 13. Nxe6 Qxe6 14. Qd2 Rae8 15. Rad1 Nh5 16. Bf3 Qf7 17. Bxh5 Qxh5 18. f4 exf4 19. Nxf4 Bxf4 20. Rxf4 g5 21. Rf2 Ne5 22. Bxe5 Rxe5 23. Rdf1 Rfe8 24. Rxf5 Rxe3 25. Qf2 R3e6 26. Rf8+ Kg7 27. Qd4+ Re5 28. R8f5 Qe2 29. Rf7+ Kg8 1/2-1/2

[Event "Mittelrhein Verbandsliga-N 18/19"]
[Site "Nordrheinwestfalen"]
[Date "2018.09.02"]
[Round "1.8"]
[White "Kies, Werner"]
[Black "Wiedermann, Lars"]
[Result "1-0"]
[WhiteElo "1870"]
[BlackElo "1646"]
[PlyCount "111"]
[EventDate "2018.09.02"]
[EventType "team-tourn"]
[EventRounds "12"]
[EventCountry "GER"]
[SourceTitle "EXT 2022"]
[Source "ChessBase"]
[SourceDate "2021.10.06"]
[SourceVersion "1"]
[SourceVersionDate "2021.10.06"]
[SourceQuality "1"]
[WhiteTeam "Leverkusen SC Bayer"]
[BlackTeam "Eikamp Freibauer"]
[WhiteTeamCountry "GER"]
[BlackTeamCountry "GER"]

1. e4 e5 2. Bc4 Nc6 3. d3 Bc5 4. Nf3 d6 5. 0-0 Nf6 6. Bg5 0-0 7. Nc3 Be6 8. Nd5 Bxd5 9. Bxd5 h6 10. Bh4 Nd4 11. c3 Nxf3+ 12. Qxf3 g5 13. Bg3 Nxd5 14. exd5 f5 15. h3 f4 16. Bh2 Qe8 17. Rae1 Qg6 18. d4 exd4 19. Re6 Rf6 20. Rxf6 Qxf6 21. g3 Rf8 22. gxf4 dxc3 23. bxc3 Qf5 24. Re1 gxf4 25. Re6 Rf7 26. Re8+ Kh7 27. Re1 h5 28. Kh1 Kh6 29. Re6+ Kh7 30. Bxf4 Rg7 31. Kh2 Kg8 32. Rh6 Kf8 33. Rxh5 Qf6 34. Qe4 Qg6 35. Rh8+ Kf7 36. Qe8+ Kf6 37. Rf8+ Rf7 38. Bg5+ Kxg5 39. Qxf7 Qxf7 40. Rxf7 Kg6 41. Rf4 Kg5 42. Kg3 Bb6 43. h4+ Kh5 44. Rf5+ Kg6 45. Kg4 Ba5 46. h5+ Kg7 47. c4 Bd2 48. f4 Bc3 49. Rg5+ Kf7 50. Kf5 c6 51. h6 cxd5 52. cxd5 b5 53. Rg6 Ke7 54. h7 a5 55. Re6+ Kd7 56. Rf6 1-0

[Event "Mittelrhein Regionalliga 1718"]
[Site "Nordrheinwestfalen"]
[Date "2017.09.10"]
[Round "1.8"]
[White "Kies, Werner"]
[Black "Dietz, Jonas"]
[Result "1-0"]
[WhiteElo "1802"]
[BlackElo "1870"]
[PlyCount "89"]
[EventDate "2017.09.10"]
[EventType "team-tourn"]
[EventRounds "9"]
[EventCountry "GER"]
[SourceTitle "EXT 2022"]
[Source "ChessBase"]
[SourceDate "2021.10.06"]
[SourceVersion "1"]
[SourceVersionDate "2021.10.06"]
[SourceQuality "1"]
[WhiteTeam "Leverkusen SC Bayer"]
[BlackTeam "Wuerselen"]
[WhiteTeamCountry "GER"]
[BlackTeamCountry "GER"]

1. e4 e6 2. d4 d5 3. Nd2 dxe4 4. Nxe4 Nd7 5. Nf3 Ngf6 6. Ng3 b6 7. Bb5 Bb7 8. 0-0 a6 9. Ba4 c5 10. c3 Be7 11. Re1 0-0 12. h3 Qc7 13. Nf5 Bd8 14. Ne3 b5 15. Bc2 Re8 16. a4 Be7 17. Ng4 Bxf3 18. Qxf3 cxd4 19. axb5 dxc3 20. bxc3 Nxg4 21. hxg4 Bf6 22. Bd2 g6 23. Be4 Rab8 24. bxa6 Rb2 25. Red1 Bg7 26. a7 Nb6 27. a8Q Nxa8 28. Rxa8 Rxa8 29. Bxa8 Rb3 30. Rc1 Rb2 31. Qd3 Be5 32. g3 Qa7 33. Be4 Bxg3 34. Qxg3 Rxd2 35. c4 Qc5 36. Qe3 Qd6 37. Kg2 Rd4 38. Bf3 Rd3 39. c5 Qd8 40. Qe5 Rd2 41. Rc3 Qh4 42. Qe3 Rb2 43. Rc1 h5 44. gxh5 Qf6 45. c6 1-0

[Event "Leverkusen Bayer op 10th"]
[Site "Leverkusen"]
[Date "2012.03.21"]
[Round "6"]
[White "Kies, Werner"]
[Black "Baier, Uwe"]
[Result "1-0"]
[WhiteElo "1897"]
[BlackElo "1707"]
[PlyCount "83"]
[EventDate "2012.01.11"]
[EventType "swiss"]
[EventRounds "7"]
[EventCountry "GER"]
[SourceTitle "EXT 2014"]
[Source "ChessBase"]
[SourceDate "2013.11.20"]
[SourceVersion "1"]
[SourceVersionDate "2013.11.20"]
[SourceQuality "1"]

1. e4 e5 2. Bc4 Nf6 3. d3 Be7 4. Nc3 0-0 5. f4 d6 6. Nf3 Nc6 7. a3 a6 8. f5 b5 9. Ba2 Bb7 10. 0-0 Qb8 11. b4 Qa7+ 12. Kh1 Nd4 13. h3 Nxf3 14. Qxf3 c6 15. g4 Kh8 16. g5 Ne8 17. Be3 Qb8 18. h4 Qd8 19. Rg1 Nc7 20. Raf1 Qd7 21. h5 d5 22. Bc1 a5 23. bxa5 Rxa5 24. f6 Bd8 25. Bb3 Ne6 26. Rg2 Nd4 27. Qg3 Nxb3 28. cxb3 Bc7 29. Qh4 Bd8 30. fxg7+ Kxg7 31. Qg3 Qe8 32. Rf5 Bc7 33. Rgf2 Bc8 34. Rf6 Be6 35. g6 hxg6 36. hxg6 Rh8+ 37. Kg2 fxg6 38. Rf1 Rh3 39. Qf2 Rxd3 40. Rh1 Bd6 41. Qh4 Ra7 42. Bg5 1-0

[Event "Leverkusen-ch op"]
[Site "Leverkusen"]
[Date "2010.03.22"]
[Round "5"]
[White "Kies, Werner"]
[Black "Epding, Volker"]
[Result "0-1"]
[WhiteElo "2089"]
[BlackElo "1965"]
[PlyCount "126"]
[EventDate "2010.01.18"]
[EventType "swiss"]
[EventRounds "7"]
[EventCountry "GER"]
[SourceTitle "EXT 2011"]
[Source "ChessBase"]
[SourceDate "2010.11.26"]
[SourceVersion "1"]
[SourceVersionDate "2010.11.26"]
[SourceQuality "1"]

1. e4 c6 2. d4 d5 3. Nd2 dxe4 4. Nxe4 Bf5 5. Ng3 Bg6 6. h4 h6 7. Nf3 Nd7 8. h5 Bh7 9. Bd3 Bxd3 10. Qxd3 e6 11. Bf4 Bb4+ 12. Kf1 Ngf6 13. c4 Be7 14. Rd1 0-0 15. Rh3 a6 16. Kg1 b5 17. b3 Qb6 18. Qd2 Ng4 19. Ne4 f5 20. c5 Qd8 21. Nd6 Ndf6 22. Qe2 Qd7 23. Ne5 Nxe5 24. dxe5 Nd5 25. Bc1 Bxd6 26. cxd6 Rf7 27. Rdd3 Raf8 28. Rhg3 Kh8 29. Rg6 f4 30. g3 f3 31. Qe4 Rf5 32. Qg4 Kh7 33. Bxh6 R8f7 34. Bd2 Rxe5 35. h6 Ref5 36. hxg7 Rxg7 37. Rh6+ Kg8 38. Qh4 Qxd6 39. Rh8+ Kf7 40. Rd8 Qe7 41. Qh8 Nf6 42. Bh6 Rh7 43. Qxh7+ Nxh7 44. R8d7 Nf6 45. Rxe7+ Kxe7 46. Rc3 c5 47. Bf4 Nd5 48. Rc1 Nxf4 49. gxf4 Kd6 50. Kh2 Rxf4 51. Kg3 Rf5 52. Rc3 e5 53. Rd3+ Kc6 54. Rd8 Rf6 55. Kg4 c4 56. b4 Rd6 57. Re8 Kd5 58. Kxf3 Kd4 59. Ke2 c3 60. Rc8 e4 61. Kd1 Kd3 62. a3 Rf6 63. Ke1 Kc2 0-1

[Event "Hessen-ch Seniors op 03rd"]
[Site "Bad Sooden-Allendorf"]
[Date "2007.05.04"]
[Round "7"]
[White "Kies, Werner"]
[Black "Rapoport, Vladimir"]
[Result "0-1"]
[WhiteElo "1964"]
[BlackElo "2115"]
[PlyCount "86"]
[EventDate "2007.04.27"]
[EventType "swiss"]
[EventRounds "9"]
[EventCountry "GER"]
[SourceTitle "EXT 2022"]
[Source "ChessBase"]
[SourceDate "2021.10.06"]
[SourceVersion "1"]
[SourceVersionDate "2021.10.06"]
[SourceQuality "1"]

1. e4 c5 2. Nc3 Nc6 3. f4 g6 4. Nf3 Bg7 5. Bb5 Nd4 6. Bc4 e6 7. a4 Ne7 8. d3 d5 9. Ba2 0-0 10. 0-0 dxe4 11. Nxe4 Nef5 12. Kh1 b6 13. c3 Nxf3 14. Rxf3 Bb7 15. Qe2 Qd7 16. Bc4 Nd6 17. Bb3 c4 18. Bc2 f5 19. Nxd6 Bxf3 20. Qxf3 Qxd6 21. d4 Qd5 22. Qe2 a6 23. Rb1 Rfe8 24. b4 cxb3 25. Bxb3 Qc6 26. Bd2 Kf7 27. h3 b5 28. axb5 axb5 29. Kh2 b4 30. cxb4 Bxd4 31. b5 Qb6 32. Rc1 Rac8 33. Rxc8 Rxc8 34. g4 Rc5 35. gxf5 Rxf5 36. Kg3 Kf6 37. Bc4 e5 38. Bd3 exf4+ 39. Bxf4 Rd5 40. Qf3 Qe6 41. Bd6+ Rf5 42. Bxf5 Qxd6+ 43. Kg4 h5+ 0-1

[Event "Hessen-ch Seniors op 03rd"]
[Site "Bad Sooden-Allendorf"]
[Date "2007.04.30"]
[Round "3"]
[White "Niebling, Ferdinand"]
[Black "Kies, Werner"]
[Result "1/2-1/2"]
[WhiteElo "2121"]
[BlackElo "1964"]
[PlyCount "136"]
[EventDate "2007.04.27"]
[EventType "swiss"]
[EventRounds "9"]
[EventCountry "GER"]
[SourceTitle "EXT 2022"]
[Source "ChessBase"]
[SourceDate "2021.10.06"]
[SourceVersion "1"]
[SourceVersionDate "2021.10.06"]
[SourceQuality "1"]

1. d4 g6 2. e4 Bg7 3. Nc3 d6 4. Nf3 Nc6 5. h3 e6 6. Be3 Nge7 7. Qd2 h6 8. Be2 a6 9. 0-0 Bd7 10. Rab1 g5 11. Rfd1 Ng6 12. Nh2 e5 13. d5 Nce7 14. Bg4 Nf4 15. Nf1 Neg6 16. Ng3 Nh4 17. Bxf4 gxf4 18. Nh5 Rg8 19. f3 Qg5 20. Rf1 Bh8 21. Rf2 f5 22. exf5 Nxf5 23. Ne4 Qg6 24. c4 b6 25. b4 Ne3 26. Rc1 Nxg4 27. hxg4 Bxg4 28. Nxf4 exf4 29. fxg4 Be5 30. Re1 Kd7 31. c5 bxc5 32. Nxc5+ Kc8 33. Ne6 Qxg4 34. Qc1 Ra7 35. Rc2 Kb8 36. Re4 Qg3 37. Nxf4 Rg4 38. Rf2 Rb7 39. Re3 Qh4 40. Rh3 Qe7 41. Ne6 Rgxb4 42. Rb3 Qh4 43. Rf8+ Ka7 44. Rxb4 Qxb4 45. Nd8 Bd4+ 46. Kh1 Qb2 47. Qxb2 Rxb2 48. Nc6+ Kb6 49. Nxd4 Kc5 50. Ne6+ Kxd5 51. Nxc7+ Ke4 52. Rf6 d5 53. Rxh6 d4 54. Nxa6 Rxa2 55. Nb4 Ra1+ 56. Kh2 Rc1 57. Re6+ Kf5 58. Rd6 Rc4 59. Nc6 d3 60. Ne7+ Ke4 61. Kg3 Rc3 62. Nd5 Rb3 63. Nf4 d2+ 64. Kg4 Ke3 65. g3 Rb2 66. Rd7 Ke4 67. Kg5 Rb3 68. Rxd2 Rxg3+ 1/2-1/2

[Event "GER-ch Seniors 18th"]
[Site "Dresden"]
[Date "2006.07.29"]
[Round "8"]
[White "Kies, Werner"]
[Black "Jentsch, Dieter"]
[Result "0-1"]
[WhiteElo "2103"]
[BlackElo "2200"]
[PlyCount "71"]
[EventDate "2006.07.22"]
[EventType "swiss"]
[EventRounds "9"]
[EventCountry "GER"]
[SourceTitle "CBM 113 Extra"]
[Source "ChessBase"]
[SourceDate "2006.09.14"]
[SourceVersion "1"]
[SourceVersionDate "2006.09.14"]
[SourceQuality "1"]

1. e4 e6 2. d4 d5 3. Nd2 c5 4. exd5 exd5 5. Bb5+ Bd7 6. Qe2+ Be7 7. dxc5 Nf6 8. Ngf3 0-0 9. Nb3 Re8 10. Be3 Bxc5 11. Bxd7 Nbxd7 12. Nxc5 Nxc5 13. 0-0-0 Rc8 14. Nd4 Qa5 15. Kb1 Nfe4 16. Qb5 Qc7 17. Nb3 Nxb3 18. Qxb3 Nf6 19. Bd4 Re2 20. c3 Ne4 21. Be3 Nxf2 22. Bxf2 Rxf2 23. Rxd5 Rxg2 24. Rhd1 Rf8 25. h4 Qc6 26. Qb4 Rg1 27. Qd4 Rxd1+ 28. Qxd1 h6 29. h5 a6 30. a4 Re8 31. Qd4 Re1+ 32. Kc2 Qe6 33. Qc5 Re2+ 34. Kb1 Re1+ 35. Ka2 Qe4 36. Qd4 0-1

[Event "GER-ch Seniors-A 17th"]
[Site "Essen"]
[Date "2005.08.21"]
[Round "2"]
[White "Kies, Werner"]
[Black "Khanukov, Boris"]
[Result "0-1"]
[WhiteElo "2140"]
[BlackElo "2399"]
[PlyCount "126"]
[EventDate "2005.08.20"]
[EventType "swiss"]
[EventRounds "9"]
[EventCountry "GER"]
[SourceTitle "CBM 108 Extra"]
[Source "ChessBase"]
[SourceDate "2005.11.04"]
[SourceVersion "1"]
[SourceVersionDate "2005.11.04"]
[SourceQuality "1"]

1. e4 c5 2. Nf3 Nc6 3. d4 cxd4 4. Nxd4 g6 5. Nc3 Bg7 6. Nxc6 bxc6 7. Bc4 Qa5 8. Qf3 Nf6 9. 0-0 0-0 10. Bd2 Qc7 11. Rfe1 d6 12. h3 Nd7 13. Qg3 Nb6 14. Bb3 a5 15. a4 Ba6 16. Rad1 Bc4 17. Bxc4 Nxc4 18. Bc1 Nb6 19. b3 Qb7 20. Rd3 c5 21. Nb5 c4 22. Rf3 Nd7 23. Qh4 Ne5 24. Rg3 Rfe8 25. Bh6 Bh8 26. f4 Qb6+ 27. Kf1 Bf6 28. Bg5 Nd7 29. Qg4 Bxg5 30. Qxg5 cxb3 31. cxb3 Rac8 32. Qg4 Rc2 33. Rge3 Nf6 34. Qf3 Qc5 35. R3e2 Rxe2 36. Rxe2 Rc8 37. Qe3 Nd7 38. Kf2 Qxe3+ 39. Rxe3 Rc2+ 40. Kf3 Nc5 41. Nd4 Rb2 42. Rc3 Kf8 43. g3 Ke8 44. h4 Kd7 45. e5 Rd2 46. Ke3 Rg2 47. Kf3 Rxg3+ 48. Kxg3 Ne4+ 49. Kg4 h5+ 50. Kf3 Nxc3 51. exd6 Kxd6 52. f5 Kd5 53. fxg6 fxg6 54. Nc2 e5 55. Ke3 Na2 56. Kd2 Ke4 57. Na3 Nb4 58. Nc4 Nc6 59. Ke2 Kf4 60. Kf2 e4 61. Ke1 g5 62. hxg5 Kxg5 63. Kf2 Kf4 0-1

[Event "NRW-ch Seniors 16th"]
[Site "Hattingen"]
[Date "2005.05.28"]
[Round "8"]
[White "Kies, Werner"]
[Black "Szymaniak, Horst"]
[Result "1-0"]
[WhiteElo "2022"]
[BlackElo "1959"]
[PlyCount "155"]
[EventDate "2005.05.21"]
[EventType "swiss"]
[EventRounds "9"]
[EventCountry "GER"]
[SourceTitle "EXT 2007"]
[Source "ChessBase"]
[SourceDate "2006.11.23"]
[SourceVersion "1"]
[SourceVersionDate "2006.11.23"]
[SourceQuality "1"]

1. e4 c5 2. Nf3 Nc6 3. d4 cxd4 4. Nxd4 e5 5. Nb5 a6 6. Nd6+ Bxd6 7. Qxd6 Qf6 8. Qa3 Nge7 9. Be3 0-0 10. Bc5 Re8 11. Nc3 b6 12. Bd6 Bb7 13. f3 Nc8 14. Bc7 Nd4 15. 0-0-0 Qc6 16. Bxe5 Nb5 17. Nxb5 axb5 18. Qc3 b4 19. Qxc6 Bxc6 20. Bd4 Rxa2 21. Bc4 Ra1+ 22. Kd2 Ra5 23. Rhe1 Nd6 24. Bb3 b5 25. Bc5 Nc4+ 26. Bxc4 bxc4 27. Bxb4 Rb5 28. Bc3 h5 29. h4 Re6 30. Ra1 Rg6 31. Re2 f5 32. e5 Bd5 33. Ra7 Be6 34. Ke3 Rd5 35. Ra1 Kf7 36. Kf4 Kg8 37. g3 Kf7 38. Ree1 Kg8 39. Ra8+ Kh7 40. Rd8 Rb5 41. Ra1 Rh6 42. Raa8 Rd5 43. Rdc8 Rb5 44. Bd4 Kg6 45. Ra4 Kf7 46. Raa8 Kg6 47. Ke3 Rh7 48. Kd2 Kf7 49. f4 Kg6 50. Kc3 Rh6 51. Rab8 Ra5 52. Ra8 Rxa8 53. Rxa8 Kf7 54. Bc5 Kg6 55. b4 cxb3 56. cxb3 Kh7 57. Ra7 Rg6 58. Bf2 Kg8 59. b4 Kf7 60. b5 Rh6 61. Ra8 Bd5 62. Rb8 Be4 63. Kc4 d6 64. b6 dxe5 65. b7 Kg6 66. fxe5 Rh7 67. Kb5 f4 68. Kb6 fxg3 69. Bxg3 Bxb7 70. Rxb7 Kf5 71. Kc5 Kg4 72. Be1 Kf5 73. Kd5 Rh8 74. Rf7+ Kg6 75. Rf4 Rd8+ 76. Kc6 Rd1 77. Bb4 Rd3 78. e6 1-0

[Event "NRW-ch Seniors 16th"]
[Site "Hattingen"]
[Date "2005.05.26"]
[Round "6"]
[White "Kies, Werner"]
[Black "Khanukov, Boris"]
[Result "0-1"]
[WhiteElo "2022"]
[BlackElo "2292"]
[PlyCount "110"]
[EventDate "2005.05.21"]
[EventType "swiss"]
[EventRounds "9"]
[EventCountry "GER"]
[SourceTitle "EXT 2007"]
[Source "ChessBase"]
[SourceDate "2006.11.23"]
[SourceVersion "1"]
[SourceVersionDate "2006.11.23"]
[SourceQuality "1"]

1. e4 d6 2. d4 Nf6 3. Bd3 e5 4. c3 Nc6 5. d5 Ne7 6. Ne2 Ng6 7. 0-0 Be7 8. f4 exf4 9. Nxf4 Ne5 10. Bc2 0-0 11. Nd2 c5 12. Nf3 Nfd7 13. b3 g6 14. Nd3 Bf6 15. Bh6 Re8 16. Ndxe5 Nxe5 17. Nxe5 Bxe5 18. Qf3 f6 19. Bf4 Rf8 20. Bxe5 fxe5 21. Qxf8+ Qxf8 22. Rxf8+ Kxf8 23. Rf1+ Ke7 24. Bd3 Bd7 25. Rf3 b5 26. c4 b4 27. h3 a5 28. Bc2 a4 29. Kf2 axb3 30. Bxb3 Ba4 31. Re3 Kf6 32. Rf3+ Kg7 33. Kg3 Bxb3 34. axb3 Ra2 35. Re3 g5 36. Kf3 h5 37. Rd3 Rb2 38. Kg3 Kg6 39. Re3 Rc2 40. Kf3 h4 41. Re2 Rc3+ 42. Re3 g4+ 43. Ke2 Rc2+ 44. Kf1 g3 45. Rf3 Rc1+ 46. Ke2 Rg1 47. Rf8 Rxg2+ 48. Kf1 Rh2 49. Rd8 Rxh3 50. Rxd6+ Kg5 51. Rd8 Rh1+ 52. Kg2 Rh2+ 53. Kg1 h3 54. Rf8 Rd2 55. Rf1 h2+ 0-1

[Event "Leverkusen-ch op"]
[Site "Leverkusen"]
[Date "2005.03.07"]
[Round "6"]
[White "Epding, Volker"]
[Black "Kies, Werner"]
[Result "0-1"]
[WhiteElo "1971"]
[BlackElo "2144"]
[PlyCount "94"]
[EventDate "2005.01.10"]
[EventType "swiss"]
[EventRounds "9"]
[EventCountry "GER"]
[SourceTitle "EXT 2006"]
[Source "ChessBase"]
[SourceDate "2005.11.24"]
[SourceVersion "1"]
[SourceVersionDate "2005.11.24"]
[SourceQuality "1"]

1. d4 f5 2. Bg5 Nf6 3. Bxf6 exf6 4. e3 d5 5. c4 Bb4+ 6. Nc3 0-0 7. Qb3 Bxc3+ 8. bxc3 dxc4 9. Bxc4+ Kh8 10. Ne2 Nc6 11. Qc2 Qd6 12. 0-0 g6 13. Bd3 b6 14. Qd2 Bb7 15. e4 fxe4 16. Bxe4 Rae8 17. Bf3 Ba6 18. Rfe1 Ne5 19. Qf4 Nxf3+ 20. Qxf3 Qe6 21. Qe3 Qg4 22. Qh6 Bxe2 23. Kh1 Qg5 24. Qh3 Rf7 25. c4 Rfe7 26. Qc3 Qf4 27. Kg1 Re4 28. c5 Rxd4 29. cxb6 axb6 30. Qc6 Rde4 31. h3 R8e7 32. a4 R4e6 33. Qc3 Kg7 34. a5 bxa5 35. Rxa5 Qc4 36. Qa3 Qd3 37. Qb4 Re4 38. Qb8 Qd2 39. Rea1 Bc4 40. Qa7 c6 41. Qb8 Re1+ 42. Kh2 Rxa1 43. Rxa1 Qc3 44. Qa8 Bd5 45. Qa4 Qe5+ 46. Kg1 Qe4 47. Qxe4 Rxe4 0-1

[Event "Leverkusen-ch op"]
[Site "Leverkusen"]
[Date "2005.01.17"]
[Round "2"]
[White "Reinartz, Ulrich"]
[Black "Kies, Werner"]
[Result "0-1"]
[WhiteElo "1638"]
[BlackElo "2144"]
[PlyCount "80"]
[EventDate "2005.01.10"]
[EventType "swiss"]
[EventRounds "9"]
[EventCountry "GER"]
[SourceTitle "EXT 2006"]
[Source "ChessBase"]
[SourceDate "2005.11.24"]
[SourceVersion "1"]
[SourceVersionDate "2005.11.24"]
[SourceQuality "1"]

1. d4 g6 2. c4 Bg7 3. Nc3 f5 4. Nf3 Nf6 5. Bf4 d6 6. h3 0-0 7. Qc1 c6 8. Bh6 Nbd7 9. g3 e5 10. Bxg7 Kxg7 11. dxe5 dxe5 12. Bg2 e4 13. Nh2 Ne5 14. b3 h6 15. 0-0 Be6 16. Qb2 Qc7 17. Rad1 g5 18. Rd2 Rae8 19. Rfd1 Nf7 20. g4 fxg4 21. Nxe4 Ne5 22. Nd6 Re7 23. Qxe5 gxh3 24. Bh1 Kg8 25. Qc3 Rg7 26. e4 Nh5 27. Nf5 Bxf5 28. exf5 g4 29. Nf1 g3 30. fxg3 Nxg3 31. Bg2 hxg2 32. Ne3 Ne4 33. Qc2 Nxd2 34. Qxd2 Qf4 35. Qe2 Re8 36. Re1 Rg3 37. Qh5 Rexe3 38. Rd1 Re7 39. Rd8+ Kh7 40. Re8 Qf1+ 0-1

[Event "Leverkusen op"]
[Site "Leverkusen"]
[Date "2004.02.16"]
[Round "4"]
[White "Birnkott, Manfred"]
[Black "Kies, Werner"]
[Result "1/2-1/2"]
[WhiteElo "1873"]
[BlackElo "2144"]
[PlyCount "120"]
[EventDate "2004.01.12"]
[EventType "swiss"]
[EventRounds "9"]
[EventCountry "GER"]
[SourceTitle "EXT 2006"]
[Source "ChessBase"]
[SourceDate "2005.11.24"]
[SourceVersion "1"]
[SourceVersionDate "2005.11.24"]
[SourceQuality "1"]

1. e4 c5 2. Nf3 e6 3. d4 Qc7 4. Nc3 a6 5. d5 d6 6. a4 Nf6 7. Bc4 e5 8. 0-0 Bg4 9. h3 Bh5 10. Re1 h6 11. Qd3 g5 12. g4 Bg6 13. Qe2 Be7 14. Bd3 Qd7 15. Nh2 h5 16. Bxg5 hxg4 17. Bxf6 Bxf6 18. Nxg4 Bg5 19. Qf3 Qe7 20. Kg2 Nd7 21. Ne2 Nf6 22. Nxf6+ Bxf6 23. Ng3 0-0-0 24. Rh1 Kb8 25. Rag1 Bg5 26. Be2 Rdg8 27. Qd3 Qd7 28. b3 Bf4 29. Bg4 Qd8 30. Kf1 Qa5 31. Nf5 Qc7 32. Ng3 f6 33. Ne2 Qh7 34. f3 Bg5 35. Ng3 Be8 36. Nf5 Qc7 37. h4 Bf4 38. h5 Rg5 39. Ng3 b5 40. axb5 axb5 41. Ne2 c4 42. bxc4 bxc4 43. Qa3 Qc5 44. Qxc5 dxc5 45. Nxf4 exf4 46. Rg2 Kc7 47. c3 Bg6 48. Re2 Bh7 49. Kf2 Ra8 50. Rb1 Ra3 51. Reb2 Ra7 52. Rb6 f5 53. Rc6+ Kd7 54. exf5 Bxf5 55. Bxf5+ Rxf5 56. h6 Rxd5 57. Rg6 Ra2+ 58. Kf1 Rh5 59. Rb7+ Kc8 60. Rb1 Rh1+ 1/2-1/2

[Event "Mecklenburg VP-ch Seniors 03rd"]
[Site "Plau am See"]
[Date "2003.10.13"]
[Round "8"]
[White "Taszies, Werner"]
[Black "Kies, Werner"]
[Result "0-1"]
[WhiteElo "1877"]
[BlackElo "2144"]
[PlyCount "63"]
[EventDate "2003.10.??"]
[EventType "swiss"]
[EventRounds "9"]
[EventCountry "GER"]
[SourceTitle "EXT 2006"]
[Source "ChessBase"]
[SourceDate "2005.11.24"]
[SourceVersion "1"]
[SourceVersionDate "2005.11.24"]
[SourceQuality "1"]

1. d4 g6 2. Nc3 Bg7 3. e4 d6 4. f4 e6 5. Nf3 Ne7 6. Be3 b6 7. Qd2 Nd7 8. Bc4 Bb7 9. Ng5 d5 10. exd5 Nxd5 11. 0-0 0-0 12. Rae1 N7f6 13. Bf2 c6 14. Bh4 Qc7 15. Nce4 h6 16. Nxf6+ Nxf6 17. Nxe6 fxe6 18. Rxe6 Kh7 19. f5 gxf5 20. Qe2 Rae8 21. Bxf6 Rxe6 22. Qxe6 Rxf6 23. Qg8+ Kg6 24. Rf3 h5 25. Qe8+ Kh6 26. Rh3 Rg6 27. Bf7 Bxd4+ 28. Kh1 Qf4 29. Qe1 Rxg2 30. Rg3 Rxg3 31. hxg3 c5+ 32. Kh2 0-1

[Event "Mecklenburg VP-ch Seniors 03rd"]
[Site "Plau am See"]
[Date "2003.10.12"]
[Round "7"]
[White "Kies, Werner"]
[Black "Lieb, Harald"]
[Result "0-1"]
[WhiteElo "2144"]
[BlackElo "2341"]
[PlyCount "80"]
[EventDate "2003.10.??"]
[EventType "swiss"]
[EventRounds "9"]
[EventCountry "GER"]
[SourceTitle "EXT 2006"]
[Source "ChessBase"]
[SourceDate "2005.11.24"]
[SourceVersion "1"]
[SourceVersionDate "2005.11.24"]
[SourceQuality "1"]

1. e4 e6 2. d4 d5 3. e5 c5 4. c3 Nc6 5. Nf3 Bd7 6. Bd3 cxd4 7. cxd4 Qb6 8. Bc2 Nb4 9. 0-0 Nxc2 10. Qxc2 Rc8 11. Nc3 Ne7 12. Qd2 Nf5 13. g4 Nh6 14. Qf4 Be7 15. Qg3 Ng8 16. Qf4 Rc4 17. Ne2 f6 18. Ng3 fxe5 19. Nxe5 Nf6 20. Nxc4 dxc4 21. g5 Bd6 22. Qh4 Nd5 23. Ne4 Be7 24. Nc3 0-0 25. Re1 Bd8 26. Qh3 Qxd4 27. Ne4 Ba5 28. Re2 Nf4 29. Bxf4 Rxf4 30. Qe3 e5 31. Ng3 Bb6 32. Qd2 Bg4 33. Qxd4 Bxd4 34. Rc2 Be6 35. Re1 Bd5 36. h3 Rf3 37. Kf1 Kf7 38. Re4 b5 39. Kg2 Rxg3+ 40. Kxg3 Bxe4 0-1

[Event "Mecklenburg VP-ch Seniors 03rd"]
[Site "Plau am See"]
[Date "2003.10.08"]
[Round "3"]
[White "Kies, Werner"]
[Black "Herzel, Alois"]
[Result "1/2-1/2"]
[WhiteElo "2144"]
[BlackElo "1970"]
[PlyCount "80"]
[EventDate "2003.10.??"]
[EventType "swiss"]
[EventRounds "9"]
[EventCountry "GER"]
[SourceTitle "EXT 2006"]
[Source "ChessBase"]
[SourceDate "2005.11.24"]
[SourceVersion "1"]
[SourceVersionDate "2005.11.24"]
[SourceQuality "1"]

1. e4 c5 2. b3 Nc6 3. Bb2 d6 4. Bb5 Bd7 5. f4 Nf6 6. Qe2 a6 7. Bxc6 bxc6 8. Nf3 Bg4 9. 0-0 e6 10. d3 Be7 11. h3 Bxf3 12. Rxf3 0-0 13. e5 Ne8 14. Nd2 d5 15. Raf1 Qc8 16. f5 exf5 17. Rxf5 Qe6 18. g4 g6 19. R5f2 Ra7 20. Nf3 h6 21. d4 f5 22. gxf5 Rxf5 23. Nh2 Rxf2 24. Qxf2 h5 25. h4 Ng7 26. dxc5 Ra8 27. Bd4 Rf8 28. Qe2 Rxf1+ 29. Qxf1 Nf5 30. c3 Nxh4 31. Qxa6 Qf5 32. Qf1 Qe4 33. Qh3 Nf5 34. Qg2 Qb1+ 35. Nf1 Kh7 36. b4 Nxd4 37. cxd4 Qxb4 38. Qf2 Kg7 39. Qf4 Qe1 40. a4 Qa1 1/2-1/2